000 01041cam a2200265 a 4500
999 _c342309
_d342309
001 4867977
003 NUST
005 20171218100935.0
008 920304s1992 azua 001 0 eng
010 _a 92009672
020 _a0897747224
040 _aDLC
_cDLC
_dDLC
050 0 0 _aPE1475
_b.D38 1992
082 0 0 _a808.0665 DAY
_220
100 1 _aDay, Robert A.,
_d1924-
_97398
245 1 0 _aScientific English :
_ba guide for scientists and other professionals /
_cby Robert A. Day.
260 _aPhoenix, AZ :
_bOryx Press,
_c1992.
300 _ax, 125 p. :
_bill. ;
_c23 cm.
500 _aIncludes index.
501 _aP.B
650 0 _aEnglish language
_xTechnical English
_vHandbooks, manuals, etc.
_97401
650 0 _aTechnical writing
_vHandbooks, manuals, etc.
_97402
906 _a7
_bcbc
_corignew
_d1
_eocip
_f19
_gy-gencatlg
942 _2ddc
_cBK
_kIESE